[Event "Mechanics' Fall TNM; 30/90, SD/30"]
[Site "San Francisco"]
[Date "2011.11.08"]
[Round "4.23"]
[White "Campers, Willie"]
[Black "Hilliard, Michael"]
[Result "1-0"]
[WhiteElo "1748"]
[BlackElo "1428"]
[PlyCount "101"]
[EventDate "2011.??.??"]

1. e4 c6 2. d4 d5 3. e5 Bf5 4. c3 e6 5. Qb3 Qc7 6. Nf3 Ne7 7. Be2 Ng6 8. h4 Nd7
9. h5 Ne7 10. Nbd2 h6 11. c4 dxc4 12. Nxc4 Nd5 13. Bd2 Be7 14. Rc1 O-O 15. a3
b6 16. Ne3 Be4 17. Nxd5 Bxd5 18. Qd3 c5 19. b3 Rac8 20. O-O Qb8 21. Qe3 cxd4
22. Qxd4 Bxa3 23. Rxc8 Rxc8 24. Qa4 Nxe5 25. Qxa3 Ng4 26. g3 Qa8 27. b4 Rc4 28.
Bxc4 Bxc4 29. Rc1 Be2 30. Nh4 Qd5 31. Qc3 Ne5 32. Bf4 Nf3+ 33. Nxf3 Bxf3 34.
Qe1 Bh1 35. Qf1 Qb7 36. Qh3 Bf3 37. g4 Qe4 38. Qg3 f6 39. Bb8 a6 40. Qf4 Qe2
41. Qe3 Bxg4 42. Qxe2 Bxe2 43. Rc6 e5 44. Rxb6 e4 45. Kg2 f5 46. Kg3 Bxh5 47.
Rxa6 g5 48. Rxh6 f4+ 49. Bxf4 gxf4+ 50. Kxf4 Bf3 51. b5 1-0

[Event "Mechanics' Fall TNM; 30/90, SD/30"]
[Site "San Francisco"]
[Date "2011.10.18"]
[Round "1.6"]
[White "Campers, Willie"]
[Black "Karas, Nicholas"]
[Result "0-1"]
[WhiteElo "1748"]
[BlackElo "2103"]
[PlyCount "70"]
[EventDate "2011.??.??"]

1. e4 c5 2. Nf3 d6 3. d4 cxd4 4. Nxd4 Nf6 5. Nc3 a6 6. Be2 e5 7. Nb3 Be7 8. O-O
O-O 9. Be3 b6 10. f4 exf4 11. Bxf4 Nc6 12. h3 Ne5 13. Nd4 Qc7 14. Qe1 Ng6 15.
Bg3 b5 16. a3 Rb8 17. Kh2 b4 18. Nd5 Nxd5 19. exd5 bxa3 20. Rxa3 Rxb2 21. Rc3
Qb7 22. Nc6 Bf6 23. Rc4 Be5 24. Bd3 Re8 25. Re4 f5 26. Re2 f4 27. Bxf4 Nxf4 28.
Nxe5 Nxe2 29. Qxe2 Rxe5 30. Qf2 Qe7 31. Qd4 Rb8 32. Rf4 Bd7 33. Qa7 Rf8 34.
Rxf8+ Qxf8 35. Qxd7 Qf4+ 0-1

[Event "Mechanics' Fall TNM; 30/90, SD/30"]
[Site "San Francisco"]
[Date "2011.12.13"]
[Round "9.19"]
[White "Campers, Willie"]
[Black "Nelson, Christopher"]
[Result "1-0"]
[WhiteElo "1748"]
[BlackElo "1537"]
[PlyCount "67"]
[EventDate "2011.??.??"]

1. e4 e5 2. f4 exf4 3. Nf3 g5 4. h4 g4 5. Nd4 d5 6. e5 Qe7 7. Qe2 h5 8. d3 Bd7
9. Bxf4 Bh6 10. Bxh6 Nxh6 11. g3 c5 12. Nb3 Nc6 13. Nc3 Be6 14. O-O-O Nf5 15.
Rg1 O-O-O 16. Re1 Ncd4 17. Qf2 Nxb3+ 18. axb3 Nd4 19. Bg2 a5 20. Qd2 Qc7 21.
Ne2 b6 22. Nxd4 cxd4 23. Qf4 Qc5 24. Kb1 b5 25. Rc1 Rd7 26. c3 Qb6 27. cxd4+
Kb8 28. Rc5 b4 29. Rgc1 Ra7 30. Bf1 Rb7 31. Rc6 Qa7 32. R1c5 Rc8 33. Rxc8+ Bxc8
34. e6+ 1-0

[Event "Mechanics' Fall TNM; 30/90, SD/30"]
[Site "San Francisco"]
[Date "2011.11.01"]
[Round "3.12"]
[White "Chamberlain, Ethan"]
[Black "Dembling, Arthur"]
[Result "1-0"]
[WhiteElo "1930"]
[BlackElo "1758"]
[PlyCount "39"]
[EventDate "2011.??.??"]

1. e4 e6 2. d4 d5 3. Nd2 Be7 4. Bd3 c5 5. dxc5 Nf6 6. Qe2 O-O 7. Ngf3 a5 8. e5
Nfd7 9. Nb3 Na6 10. c3 a4 11. Nbd4 Naxc5 12. Bc2 b6 13. Nc6 Ba6 14. Qd1 Qe8 15.
Nxe7+ Qxe7 16. Bxh7+ $2 Kh8 $6 (16... Kxh7 $19) 17. Qd4 f5 (17... Kxh7 $19) 18.
Bg5 Qf7 19. Qh4 Nd3+ 20. Kd2 1-0

[Event "Mechanics' Fall TNM; 30/90, SD/30"]
[Site "San Francisco"]
[Date "2011.12.13"]
[Round "9.10"]
[White "Chamberlain, Ethan"]
[Black "Ganesh, Vikram"]
[Result "0-1"]
[WhiteElo "1930"]
[BlackElo "1787"]
[PlyCount "32"]
[EventDate "2011.??.??"]

1. e4 c6 2. d4 d5 3. Nc3 dxe4 4. Nxe4 Nf6 5. Nxf6+ exf6 6. c3 Bd6 7. Bd3 O-O 8.
Qc2 Re8+ 9. Ne2 g6 10. O-O Qc7 11. h3 Nd7 12. Be3 f5 13. Qd2 c5 14. Bb5 cxd4
15. Bxd4 a6 16. Qh6 $4 Bf8 0-1

[Event "Mechanics' Fall TNM; 30/90, SD/30"]
[Site "San Francisco"]
[Date "2011.11.15"]
[Round "5.6"]
[White "Chamberlain, Ethan"]
[Black "Jones, James"]
[Result "1-0"]
[WhiteElo "1930"]
[BlackElo "2093"]
[Annotator "Donaldson"]
[PlyCount "55"]
[EventDate "2011.??.??"]

1. e4 c5 2. Nf3 d6 3. d4 cxd4 4. Nxd4 Nf6 5. Nc3 g6 6. Be3 Bg7 7. f3 O-O 8. Qd2
Nc6 9. O-O-O Bd7 10. g4 Rc8 11. h4 h5 12. Nd5 hxg4 13. Nxf6+ Bxf6 14. Nxc6 Rxc6
15. h5 Qc7 16. hxg6 Rc8 $2 (16... fxg6) 17. gxf7+ Kxf7 18. Qd5+ $4 (18. c3 $14)
18... Be6 $4 (18... e6 $1 19. Qh5+ Kf8 {winning!}) 19. Qh5+ Kg8 20. Qg6+ Bg7
21. Qxe6+ Kf8 22. c4 b5 23. Bh6 d5 24. Bxg7+ Kxg7 25. Qxg4+ Rg6 26. Qh4 bxc4
27. Rxd5 Rg8 28. Rf5 1-0

[Event "Mechanics' Fall TNM; 30/90, SD/30"]
[Site "San Francisco"]
[Date "2011.11.29"]
[Round "7.10"]
[White "Chamberlain, Ethan"]
[Black "Montoya, Daniel"]
[Result "1-0"]
[WhiteElo "1930"]
[BlackElo "1535"]
[PlyCount "41"]
[EventDate "2011.??.??"]

1. e4 e5 2. Nf3 Nc6 3. Bc4 Nf6 4. d4 exd4 5. e5 Ne4 6. Qe2 Nc5 7. O-O Be7 8.
Rd1 Ne6 9. Nbd2 O-O 10. Nb3 d5 11. Bb5 f6 12. Bxc6 bxc6 13. Nfxd4 Nxd4 14. Nxd4
Bb7 15. Ne6 Qd7 16. Nxf8 Rxf8 17. exf6 Bxf6 18. Be3 d4 19. Qc4+ Kh8 20. Bxd4
Bxd4 21. Qxd4 1-0

[Event "Mechanics' Fall TNM; 30/90, SD/30"]
[Site "San Francisco"]
[Date "2011.10.18"]
[Round "1.17"]
[White "Chamberlain, Ethan"]
[Black "Rakonitz, David"]
[Result "0-1"]
[WhiteElo "1930"]
[BlackElo "1455"]
[PlyCount "52"]
[EventDate "2011.??.??"]

1. e4 e6 2. d4 d5 3. Nd2 dxe4 4. Nxe4 Nd7 5. Nf3 Ngf6 6. Nxf6+ Nxf6 7. Bd3 c5
8. O-O cxd4 9. Nxd4 Bc5 10. Nb3 Bd6 11. Bg5 Qc7 12. h3 Bd7 13. Nd4 Qb6 14. Bxf6
gxf6 15. Be4 f5 16. Bxf5 exf5 17. Re1+ Kf8 18. Qd2 h6 19. c3 Kg7 20. Red1 Rad8
21. Qc2 Qc5 22. Rd3 Qe5 23. Nf3 Qf6 24. Rad1 Bc6 25. Qd2 Bc7 26. Nd4 Be4 0-1

[Event "Mechanics' Fall TNM; 30/90, SD/30"]
[Site "San Francisco"]
[Date "2011.12.13"]
[Round "9.14"]
[White "Curto, Barry"]
[Black "Donnelly, Patrick"]
[Result "0-1"]
[WhiteElo "1900"]
[BlackElo "1499"]
[PlyCount "98"]
[EventDate "2011.??.??"]

1. d4 Nf6 2. Nf3 b6 3. Bf4 Bb7 4. e3 e6 5. Bd3 Be7 6. O-O Nc6 7. h3 d6 8. Nbd2
O-O 9. c3 e5 10. Bh2 Qd7 11. Qc2 Rad8 12. Bf5 Qe8 13. dxe5 dxe5 14. Nxe5 Bd6
15. Nef3 g6 16. Bd3 Nd5 17. a3 Nxe3 18. fxe3 Qxe3+ 19. Kh1 Bxh2 20. Bxg6 fxg6
21. Kxh2 Ne5 22. Rae1 Nxf3+ 23. Nxf3 Qf4+ 24. Kh1 Bxf3 25. Rxf3 Qd2 26. Rxf8+
Kxf8 27. Qe4 Qd6 28. Rf1+ Kg7 29. Re1 Rd7 30. Qe8 Rf7 31. Qe4 Qd2 32. Qe5+ Kh6
33. Qe2 Rf2 34. Qxd2+ Rxd2 35. Re7 Rxb2 36. Rxc7 a5 37. Rb7 Rc2 38. Rxb6 Rxc3
39. Ra6 Rxa3 40. Ra7 a4 41. Kh2 Ra1 42. h4 Ra2 43. Kh3 g5 44. Ra6+ Kg7 45. hxg5
a3 46. Kg3 Ra1 47. Kg4 a2 48. Ra7+ Kf8 49. Rxh7 Rg1 0-1

[Event "Mechanics' Fall TNM; 30/90, SD/30"]
[Site "San Francisco"]
[Date "2011.10.25"]
[Round "2.14"]
[White "Curto, Barry"]
[Black "Olson, David"]
[Result "1-0"]
[WhiteElo "1900"]
[BlackElo "1400"]
[PlyCount "69"]
[EventDate "2011.??.??"]

1. d4 c5 2. c3 cxd4 3. cxd4 e6 4. Nf3 Bb4+ 5. Nc3 Nf6 6. Qb3 Nc6 7. a3 Ba5 8.
Bf4 Ne4 9. e3 d5 10. Bb5 O-O 11. O-O Bc7 12. Bxc7 Qxc7 13. Rac1 f5 14. Nxe4
fxe4 15. Ne5 Bd7 16. Qa4 Rfc8 17. Rc3 a6 18. Bxc6 Bxc6 19. Rfc1 Bxa4 20. Rxc7
Bc6 21. Re7 Re8 22. Nxc6 Rxe7 23. Nxe7+ Kf7 24. Rc7 Kf8 25. Rxb7 Re8 26. Nc6
Rc8 27. Rb6 Ke8 28. Rxa6 Kd7 29. Ne5+ Ke7 30. Ra7+ Kf6 31. Rf7+ Kg5 32. g3 Rc2
33. Rxg7+ Kh6 34. Rb7 Rc1+ 35. Kg2 1-0

[Event "Mechanics' Fall TNM; 30/90, SD/30"]
[Site "San Francisco"]
[Date "2011.10.25"]
[Round "2.2"]
[White "Delmonico, Nils"]
[Black "Fuentes, Romulo"]
[Result "0-1"]
[WhiteElo "1909"]
[BlackElo "2211"]
[PlyCount "116"]
[EventDate "2011.??.??"]

1. Nf3 c5 2. c4 Nc6 3. d4 cxd4 4. Nxd4 g6 5. Nc3 Bg7 6. Nc2 Bxc3+ 7. bxc3 Qa5
8. Bd2 Nf6 9. f3 b6 10. e4 d6 11. Qb1 O-O 12. Qb5 Ba6 13. Qb3 Qe5 14. Qa4 Na5
15. Na3 Rfc8 16. Rb1 Nxe4 17. fxe4 Qxe4+ 18. Kf2 d5 19. Qc2 Qh4+ 20. g3 Qf6+
21. Ke1 Nxc4 22. Nxc4 Bxc4 23. Bxc4 Rxc4 24. Qd3 Qe6+ 25. Kf2 Rac8 26. Rhe1 Qd7
27. Rbc1 Ra4 28. Rc2 f6 29. Re2 e5 30. Qf3 d4 31. Be1 Rac4 32. Qd3 Qc6 33. Qe4
b5 34. Qxc6 R8xc6 35. Rb2 dxc3 36. Rxb5 c2 37. Bd2 c1=Q 38. Bxc1 Rxc1 39. Ra5
Rc7 40. Rd2 Kg7 41. a4 h5 42. h4 R1c6 43. Ke3 Kf7 44. Rd3 Ke6 45. Rd8 Kf5 46.
Rd3 Kg4 47. Ke4 Rc5 48. Ra6 f5+ 49. Ke3 R5c6 50. Ra5 f4+ 51. gxf4 exf4+ 52. Ke4
Rc4+ 53. Kd5 Kxh4 54. Ke5 R7c5+ 55. Rxc5 Rxc5+ 56. Kf6 g5 57. Rd7 f3 58. Kg6 g4
0-1

[Event "Mechanics' Fall TNM; 30/90, SD/30"]
[Site "San Francisco"]
[Date "2011.11.08"]
[Round "4.7"]
[White "Delmonico, Nils"]
[Black "Gaffagan, Steven"]
[Result "0-1"]
[WhiteElo "1909"]
[BlackElo "2072"]
[PlyCount "84"]
[EventDate "2011.??.??"]

1. Nf3 Nf6 2. g3 g6 3. c4 Bg7 4. Bg2 O-O 5. O-O d6 6. Nc3 c6 7. Rb1 Bf5 8. d3
a6 9. b4 b5 10. Nd4 Ng4 11. Nxf5 gxf5 12. Qc2 Ra7 13. h3 Ne5 14. Be3 Rb7 15. f4
Ned7 16. cxb5 axb5 17. Rfc1 d5 18. Nxd5 cxd5 19. Bxd5 Rb6 20. Bxb6 Nxb6 21. Bf3
Bd4+ 22. Kg2 Be3 23. Rd1 Qd6 24. d4 Qg6 25. g4 fxg4 26. Be4 gxh3+ 27. Kf3 Qh5+
28. Kxe3 Nc4+ 29. Kf2 Qh4+ 30. Kf3 Nd7 31. Rg1+ Kh8 32. d5 h2 33. a4 Qh3+ 34.
Rg3 h1=Q+ 35. Rxh1 Qxh1+ 36. Kf2 Qh2+ 37. Rg2 Qxf4+ 38. Bf3 Qe3+ 39. Ke1 Nde5
40. Rg3 Nxf3+ 41. Rxf3 Qg1+ 42. Rf1 Qxf1+ 0-1

[Event "Mechanics' Fall TNM; 30/90, SD/30"]
[Site "San Francisco"]
[Date "2011.12.06"]
[Round "8.9"]
[White "Delmonico, Nils"]
[Black "Karas, Nicholas"]
[Result "1/2-1/2"]
[WhiteElo "1909"]
[BlackElo "2103"]
[PlyCount "109"]
[EventDate "2011.??.??"]

1. Nf3 Nf6 2. c4 g6 3. g3 Bg7 4. Bg2 O-O 5. Nc3 d5 6. cxd5 Nxd5 7. O-O c5 8.
Nxd5 Qxd5 9. d3 Nc6 10. Be3 Bxb2 11. Rb1 Bg7 12. Qa4 Qd7 13. Bxc5 Qc7 14. Rfc1
Re8 15. Nd4 Bxd4 16. Bxd4 Bd7 17. Ba1 e5 18. Qh4 Rab8 19. Qh6 Qd6 20. Bxc6 Bxc6
21. Rc4 Qd5 22. f3 f6 23. h4 Re7 24. h5 Rg7 25. Kg2 Rf8 26. hxg6 Rxg6 27. Qh4
Rf7 28. Rbc1 Rfg7 29. g4 f5 30. Rc5 Rxg4+ 31. Qxg4 Rxg4+ 32. Kf2 Qd8 33. fxg4
f4 34. g5 Qd7 35. Bxe5 Qg4 36. Rg1 Qh4+ 37. Kf1 Qh3+ 38. Ke1 Qe3 39. Rg4 Bf3
40. Rc8+ Kf7 41. Rxf4+ Ke7 42. Bf6+ Kd7 43. Rd8+ Kc7 44. Rxf3 Qc1+ 45. Kf2 Qa3
46. Rf4 b5 47. Rh4 Qc5+ 48. d4 Qf5+ 49. Kg3 Kb6 50. d5 Qb1 51. d6 Qe1+ 52. Kg4
Qxe2+ 53. Kf5 Qc2+ 54. Ke6 Qe2+ 55. Kd7 {
and the game eventually - and amazingly - ended in a draw by stalemate!}
1/2-1/2

[Event "Mechanics' Fall TNM; 30/90, SD/30"]
[Site "San Francisco"]
[Date "2011.11.29"]
[Round "7.14"]
[White "Delmonico, Nils"]
[Black "Newey, Richard"]
[Result "1-0"]
[WhiteElo "1909"]
[BlackElo "1742"]
[PlyCount "67"]
[EventDate "2011.??.??"]

1. c4 c6 2. g3 Nf6 3. Nf3 g6 4. Bg2 Bg7 5. Nc3 d5 6. cxd5 cxd5 7. O-O Nc6 8. d3
O-O 9. Qb3 e6 10. Bf4 Nh5 11. Bg5 Nd4 12. Nxd4 Qxg5 13. Nf3 Qe7 14. Rac1 Rb8
15. Nb5 b6 16. Rc7 Qf6 17. Rfc1 Qxb2 18. Qxb2 Bxb2 19. R1c2 Bg7 20. Rxa7 e5 21.
Ng5 Nf6 22. Rcc7 h6 23. Nxf7 e4 24. Nbd6 Nd7 25. Bh3 Ne5 26. Bxc8 Rbxc8 27.
Rxc8 Rxc8 28. Nxc8 Nxf7 29. dxe4 dxe4 30. Nxb6 Bd4 31. Ra8+ Kg7 32. Nc4 Kf6 33.
e3 Bc3 34. a4 1-0

[Event "Mechanics' Fall TNM; 30/90, SD/30"]
[Site "San Francisco"]
[Date "2011.11.15"]
[Round "5.23"]
[White "Dembling, Arthur"]
[Black "Eytan, David"]
[Result "0-1"]
[WhiteElo "1758"]
[BlackElo "1531"]
[PlyCount "80"]
[EventDate "2011.??.??"]

1. e4 e5 2. Nf3 Nf6 3. Nxe5 d6 4. Nf3 Nxe4 5. Nc3 Nf6 6. d4 Bg4 7. Be2 Nbd7 8.
Be3 c6 9. Qd2 h6 10. h3 Be6 11. O-O-O Qa5 12. Kb1 Nb6 13. d5 Nbxd5 14. Nxd5
Qxd5 15. Qxd5 Nxd5 16. Bd4 O-O-O 17. a3 c5 18. Be3 Nxe3 19. fxe3 g6 20. Rhf1
Bg7 21. Nd2 d5 22. Nb3 b6 23. Nc1 Rhe8 24. Nd3 g5 25. Nf2 c4 26. Ng4 Kc7 27.
Nf6 Re7 28. c3 Rd6 29. Rf2 Kc6 30. e4 Bxf6 31. Rxf6 dxe4 32. Rxd6+ Kxd6 33.
Bxc4 Ke5 34. Rxe6+ fxe6 35. Kc2 Rd7 36. Bb5 Rd6 37. g3 h5 38. Be2 h4 39. gxh4
gxh4 40. Bg4 Kf4 0-1

[Event "Mechanics' Fall TNM; 30/90, SD/30"]
[Site "San Francisco"]
[Date "2011.10.25"]
[Round "2.16"]
[White "Dembling, Arthur"]
[Black "Harris, Clarence"]
[Result "1/2-1/2"]
[WhiteElo "1758"]
[BlackElo "1336"]
[PlyCount "104"]
[EventDate "2011.??.??"]

1. e4 e5 2. Nf3 Nc6 3. Bb5 a6 4. Bxc6 dxc6 5. O-O Bd6 6. d4 exd4 7. Qxd4 f6 8.
Be3 Ne7 9. Nbd2 b5 10. Nb3 Ng6 11. h3 O-O 12. Rad1 Ne5 13. Nxe5 fxe5 14. Qc3 a5
15. Qxc6 Bd7 16. Qd5+ Kh8 17. Nc5 Qe7 18. Nxd7 Qxd7 19. f4 exf4 20. Bxf4 Rad8
21. e5 Rf5 22. g4 Rxf4 23. exd6 (23. Rxf4 $18) 23... Rxf1+ 24. Rxf1 cxd6 25.
Rf7 Qe8 26. Kf2 Qe5 27. Qxe5 dxe5 28. Ke2 Kg8 29. Re7 Rd5 30. a3 Kf8 31. Ra7 a4
32. Rc7 e4 33. Ke3 Re5 34. Rd7 h6 35. Rd4 Rc5 36. c3 Kf7 37. Rxe4 Kf6 38. h4 g5
39. h5 Rd5 40. Rd4 Re5+ 41. Kd3 Rc5 42. Rd6+ Ke5 43. Rd4 Rd5 44. Ke3 Rc5 45.
Rd8 Rc4 46. Re8+ Kd5 47. Rd8+ Ke5 48. Rd4 Rc5 49. Rb4 Kd5 50. Rd4+ Ke5 51. Rb4
Kd5 52. Kd3 Ke5 1/2-1/2

[Event "Mechanics' Fall TNM; 30/90, SD/30"]
[Site "San Francisco"]
[Date "2011.11.15"]
[Round "5.11"]
[White "Donnelly, Patrick"]
[Black "Krasnov, Steven"]
[Result "0-1"]
[WhiteElo "1499"]
[BlackElo "1974"]
[PlyCount "100"]
[EventDate "2011.??.??"]

1. e4 c5 2. Nf3 e6 3. d4 cxd4 4. Nxd4 a6 5. Be3 Nf6 6. Nc3 Qc7 7. Be2 Nc6 8. f4
Bb4 9. Bf3 Na5 10. Nde2 Nc4 11. Bc1 d6 12. O-O h5 13. Qd3 Bd7 14. a3 Bc5+ 15.
Kh1 Ba7 16. b3 Na5 17. Be3 Bxe3 18. Qxe3 Rc8 19. Rad1 b5 20. Rd2 O-O 21. Rfd1
Nb7 22. e5 Ng4 23. Bxg4 hxg4 24. exd6 Qa5 25. a4 bxa4 26. bxa4 Nc5 27. Ra1 Rfd8
28. Qe5 Qb4 29. Rb1 Qa3 30. Ng3 f6 31. Qd4 e5 32. fxe5 Ne6 33. Qxg4 Qxc3 34.
Rf2 Qxe5 35. Nf5 Rb8 36. Rbf1 Ng5 37. Ne7+ Kf7 38. Qh5+ Ke6 39. Re2 Ne4 40.
Qxe5+ Kxe5 41. Ng6+ Kxd6 42. Rxe4 Bf5 43. Rd4+ Ke6 44. Rxd8 Rxd8 45. Nf4+ Kf7
46. c3 g5 47. Ne2 Bc2 48. a5 Rd5 49. Nd4 Bd3 50. Rd1 Rxa5 {
Black won in a blitz finish in which both players quit keeping score.} 0-1

[Event "Mechanics' Fall TNM; 30/90, SD/30"]
[Site "San Francisco"]
[Date "2011.11.29"]
[Round "7.19"]
[White "Donnelly, Patrick"]
[Black "Lacounte, Brendan"]
[Result "1/2-1/2"]
[WhiteElo "1499"]
[BlackElo "1686"]
[PlyCount "137"]
[EventDate "2011.??.??"]

1. e4 e6 2. d4 d5 3. Nc3 dxe4 4. Nxe4 Bd7 5. Nf3 Bc6 6. Bd3 Nd7 7. O-O Ngf6 8.
Bg5 Be7 9. Ng3 Bxf3 10. Qxf3 c6 11. Rfe1 Qb6 12. Ne2 h6 13. Be3 Nd5 14. c4 Nxe3
15. fxe3 Bf6 16. c5 Qc7 17. b4 O-O 18. Nc3 a5 19. b5 Nxc5 20. Ne4 Nxd3 21.
Nxf6+ gxf6 22. Qg4+ Kh8 23. Rf1 f5 24. Qh4 Kg7 25. Rf3 Rh8 26. e4 Qd8 27. Qg3+
Qg5 28. Qc7 Qd8 29. Qg3+ Qg5 30. Qc7 Kf8 31. Qxb7 Qd8 32. Rxd3 fxe4 33. Rf1 f5
34. Rg3 Qxd4+ 35. Kh1 Ra7 36. Qxc6 Qd7 37. Qc3 Rh7 38. Qf6+ Rf7 39. Qxh6+ Ke7
40. Qh4+ Ke8 41. Rg8+ Rf8 42. Rxf8+ Kxf8 43. Qh6+ Ke7 44. Qg7+ Ke8 45. Qxd7+
Rxd7 46. h4 e3 47. Re1 f4 48. g4 Rd2 49. a4 Rd4 50. h5 Rxa4 51. h6 Kf7 52. Kg2
Kg6 53. g5 Ra2+ 54. Kf3 Rf2+ 55. Ke4 Kxg5 56. Rh1 e2 57. h7 e1=Q+ 58. Rxe1 Rh2
59. Rg1+ Kf6 60. Kxf4 Rxh7 61. Rb1 Rb7 62. Ke4 e5 63. -- a4 64. b6 a3 65. Rh1
a2 66. Rf1+ Ke6 67. Rg1 a1=Q 68. Rxa1 Rxb6 69. Rh1 1/2-1/2

[Event "Mechanics' Fall TNM; 30/90, SD/30"]
[Site "San Francisco"]
[Date "2011.10.18"]
[Round "1.16"]
[White "Donnelly, Patrick"]
[Black "Todortsev, Victor"]
[Result "1-0"]
[WhiteElo "1499"]
[BlackElo "1938"]
[PlyCount "99"]
[EventDate "2011.??.??"]

1. e4 e5 2. Nf3 Nc6 3. Bb5 a6 4. Ba4 Nf6 5. O-O d6 6. Re1 Bg4 7. c3 Be7 8. d4
b5 9. Bb3 exd4 10. cxd4 Bxf3 11. gxf3 O-O 12. Nc3 Na5 13. Bc2 Nc4 14. b3 Nb6
15. Ne2 Nh5 16. f4 g6 17. Ng3 Nxg3 18. fxg3 Bf6 19. Bb2 c5 20. e5 Bg7 21. dxc5
dxc5 22. Qxd8 Raxd8 23. Rad1 Nd5 24. Be4 Nc7 25. Rd3 Rxd3 26. Bxd3 Rd8 27. Rd1
Ne6 28. Kf2 Bf8 29. Ke3 c4 30. Bc2 Bc5+ 31. Kf3 Rxd1 32. Bxd1 cxb3 33. axb3 a5
34. Bc3 b4 35. Bd2 f5 36. exf6 Kf7 37. Be3 Kxf6 38. Ke4 Bxe3 39. Kxe3 Ke7 40.
Kd3 Kd6 41. Bf3 Kc5 42. h3 h6 43. Ke4 Kd6 44. Bd1 Kc5 45. Ke5 Nf8 46. Bg4 a4
47. bxa4 b3 48. Bd1 b2 49. Bc2 Kb4 50. Kf6 1-0

[Event "Mechanics' Fall TNM; 30/90, SD/30"]
[Site "San Francisco"]
[Date "2011.10.18"]
[Round "1.14"]
[White "Eytan, David"]
[Black "Khristoforov, Sergey"]
[Result "0-1"]
[WhiteElo "1531"]
[BlackElo "1999"]
[PlyCount "84"]
[EventDate "2011.??.??"]

1. f4 d5 2. Nf3 c5 3. e3 Nc6 4. Nc3 g6 5. Bd3 Bg7 6. b3 e5 7. fxe5 Nxe5 8. Nxe5
Bxe5 9. Qf3 Nf6 10. Bb5+ Bd7 11. Bxd7+ Qxd7 12. O-O b5 13. Bb2 Rd8 14. Na4 Bxb2
15. Nxb2 Ne4 16. d3 Nc3 17. Rf2 O-O 18. a4 b4 19. Nd1 Nxd1 20. Rxd1 Qe6 21.
Rdf1 a5 22. h4 h5 23. Qg3 Qe7 24. Rf5 Kh7 25. Re5 Qd6 26. d4 f6 27. Rxh5+ gxh5
28. Qf3 Kh6 29. dxc5 Qe5 30. c6 Rc8 31. c4 bxc3 32. e4 d4 33. Qd3 Rxc6 34. Rf5
Qxf5 35. exf5 c2 36. Qd2+ Kg7 37. Qc1 d3 38. Kh2 d2 39. Qxd2 c1=Q 40. Qd7+ Rf7
41. Qd4 Qc5 42. Qe4 Qe5+ 0-1

[Event "Mechanics' Fall TNM; 30/90, SD/30"]
[Site "San Francisco"]
[Date "2011.11.22"]
[Round "6.18"]
[White "Eytan, David"]
[Black "Miller, David"]
[Result "0-1"]
[WhiteElo "1531"]
[BlackElo "1777"]
[PlyCount "94"]
[EventDate "2011.??.??"]

1. e4 e5 2. Nf3 Nf6 3. Nxe5 Nxe4 4. Qe2 Qe7 5. Nf3 d5 6. d3 Nf6 7. Bg5 Be6 8.
Nc3 c6 9. O-O-O h6 10. Bh4 Nbd7 11. Nd4 O-O-O 12. f3 g5 13. Bf2 Kb8 14. g4 Re8
15. h4 Bg7 16. Qe3 Nb6 17. hxg5 hxg5 18. Rxh8 Rxh8 19. Nf5 Qf8 20. Bg3+ Ka8 21.
Bd6 Qg8 22. Bc7 Nc8 23. Na4 Bxf5 24. gxf5 Qe8 25. Qc5 Nd7 26. Qa5 Qe3+ 27. Kb1
Rh1 28. Be2 Rxd1+ 29. Bxd1 Qd4 30. Bg3 Ncb6 31. Nxb6+ Nxb6 32. Qc3 Qxc3 33.
bxc3 Bxc3 34. f4 gxf4 35. Bxf4 f6 36. Bh5 a5 37. Kc1 Nc8 38. Kd1 b5 39. Be8 Kb7
40. Ke2 Ne7 41. Bd7 b4 42. Bd6 Nc8 43. Bc5 Kc7 44. Be6 Nd6 45. a3 bxa3 46. Bxa3
Nb5 47. Be7 a4 0-1

[Event "Mechanics' Fall TNM; 30/90, SD/30"]
[Site "San Francisco"]
[Date "2011.12.06"]
[Round "8.24"]
[White "Frank, Robert"]
[Black "Olson, David"]
[Result "0-1"]
[WhiteElo "1375"]
[BlackElo "1400"]
[PlyCount "104"]
[EventDate "2011.??.??"]

1. d4 d5 2. Nf3 Nf6 3. e3 Bg4 4. c4 e6 5. h3 Bh5 6. Bd3 c5 7. Nbd2 Nc6 8. cxd5
Nxd5 9. O-O cxd4 10. g4 dxe3 11. gxh5 exd2 12. Qxd2 Bd6 13. Qg5 Qxg5+ 14. Bxg5
h6 15. Bd2 Bf4 16. Bb5 Bxd2 17. Nxd2 Nf4 18. h4 Ke7 19. Rac1 Rac8 20. Rc5 Nd4
21. Rxc8 Rxc8 22. Ba4 b5 23. Bd1 Nf5 24. Kh2 Rc1 25. Rg1 Nd3 26. Be2 Rxg1 27.
Kxg1 Nxb2 28. Bxb5 Nxh4 29. Kh2 Nd1 30. Kg3 Nf5+ 31. Kg2 Nc3 32. Bc4 Kf6 33.
Kf3 Kg5 34. Be2 Kxh5 35. a3 Nxe2 36. Kxe2 Kg4 37. Kd3 h5 38. Kc4 Nd6+ 39. Kc5
Nc8 40. a4 h4 41. Kc6 h3 42. Nf1 Kf3 43. Kb7 Kxf2 44. Nh2 e5 45. a5 e4 46. a6
e3 47. Ng4+ Kg1 48. Kxc8 e2 49. Kb7 e1=Q 50. Kxa7 Qh4 51. Ka8 f5 52. a7 Qxg4
0-1

[Event "Mechanics' Fall TNM; 30/90, SD/30"]
[Site "San Francisco"]
[Date "2011.11.01"]
[Round "3.23"]
[White "Frank, Robert"]
[Black "Standen, Julian"]
[Result "0-1"]
[WhiteElo "1375"]
[BlackElo "1686"]
[PlyCount "100"]
[EventDate "2011.??.??"]

1. d4 d5 2. Nf3 Nf6 3. e3 Bf5 4. c4 c6 5. Nc3 e6 6. c5 Nbd7 7. Bd3 Bxd3 8. Qxd3
Be7 9. e4 dxe4 10. Nxe4 Nxc5 11. Nxc5 Bxc5 12. Qc4 Be7 13. O-O O-O 14. Be3 Nd5
15. Rad1 Bf6 16. b4 Qe7 17. a3 Rfd8 18. Qc5 Qxc5 19. dxc5 Nxe3 20. fxe3 Rxd1
21. Rxd1 Rd8 22. Rxd8+ Bxd8 23. e4 Bc7 24. Ne1 Kf8 25. Kf2 Ke7 26. g3 Be5 27.
Nd3 Bd4+ 28. Kf3 h5 29. h3 e5 30. g4 hxg4+ 31. hxg4 Ke6 32. g5 f5 33. gxf6 gxf6
34. Kg4 Bc3 35. a4 a6 36. Kf3 f5 37. Ke3 fxe4 38. Kxe4 Kf6 39. b5 axb5 40. axb5
cxb5 41. Ke3 Kf5 42. Ke2 Ke4 43. Nxe5 Bxe5 44. Kd2 Kd5 45. Kc2 Kxc5 46. Kb3 b4
47. Kc2 Kc4 48. Kb1 Kb3 49. Kc1 Ka2 50. Kc2 b3+ 0-1

[Event "Mechanics' Fall TNM; 30/90, SD/30"]
[Site "San Francisco"]
[Date "2011.11.01"]
[Round "3.2"]
[White "Fuentes, Romulo"]
[Black "Beilin, Allan"]
[Result "1-0"]
[WhiteElo "2211"]
[BlackElo "2034"]
[PlyCount "85"]
[EventDate "2011.??.??"]

1. e4 e6 2. d4 d5 3. Nc3 Bb4 4. e5 c5 5. a3 Bxc3+ 6. bxc3 Qa5 7. Bd2 Qa4 8. Qg4
Kf8 9. Kd1 b6 10. h4 Ba6 11. Bxa6 Nxa6 12. Rh3 Ne7 13. h5 h6 14. Rf3 Qd7 15.
Ne2 Kg8 16. a4 Qe8 17. Qf4 Nc6 18. Rg3 Kh7 19. Qe3 c4 20. Rf3 Nc7 21. g4 Qe7
22. Rg3 a5 23. Nf4 g5 $2 24. hxg6+ fxg6 25. Rb1 Rab8 26. Nh5 g5 27. f4 Kg6 28.
Ke2 Rhf8 29. Nf6 Rxf6 30. exf6 Qxf6 31. fxg5 hxg5 32. Rf1 Qe7 33. Rgf3 Ne8 34.
Rf8 Nd6 35. R8f6+ Qxf6 36. Rxf6+ Kxf6 37. Qxg5+ Kf7 38. Bf4 Rd8 39. Qh5+ Kf8
40. Bh6+ Ke7 41. Bg5+ Kd7 42. Qh7+ Ke8 43. Qc7 1-0

[Event "Mechanics' Fall TNM; 30/90, SD/30"]
[Site "San Francisco"]
[Date "2011.11.15"]
[Round "5.3"]
[White "Fuentes, Romulo"]
[Black "Gaffagan, Steven"]
[Result "0-1"]
[WhiteElo "2211"]
[BlackElo "2072"]
[PlyCount "74"]
[EventDate "2011.??.??"]

1. e4 c6 2. d4 d5 3. e5 Bf5 4. Nc3 Qb6 5. Nf3 e6 6. Nh4 Bg6 7. Be2 Be7 8. Nxg6
hxg6 9. O-O Nd7 10. Qd3 Nh6 11. Be3 Qc7 12. h3 Nf5 13. Bg4 a6 14. Rfe1 Rc8 15.
Bf4 b5 16. Re2 Nb6 17. a4 b4 18. a5 bxc3 19. axb6 cxb2 20. Rb1 Qxb6 21. c3 Qb5
22. Qf3 Rb8 23. Rexb2 Qxb2 24. Rxb2 Rxb2 25. Qd3 Rb6 26. c4 dxc4 27. Qxc4 O-O
28. Bf3 Rd8 29. Be3 Nxd4 30. Bxd4 Rb4 31. Qxc6 Rbxd4 32. Qxa6 Rd2 33. Qc6 Ba3
34. h4 Bb2 35. Qc5 Bd4 36. Qe7 Bxe5 37. g3 Bf6 0-1

[Event "Mechanics' Fall TNM; 30/90, SD/30"]
[Site "San Francisco"]
[Date "2011.10.18"]
[Round "1.3"]
[White "Fuentes, Romulo"]
[Black "Ramachandran, Jayakrishnan"]
[Result "1-0"]
[WhiteElo "2211"]
[BlackElo "1791"]
[PlyCount "57"]
[EventDate "2011.??.??"]

1. e4 e5 2. Nf3 Nc6 3. d4 exd4 4. Bc4 Be7 5. c3 d6 6. Qb3 Na5 7. Bxf7+ Kf8 8.
Qa4 Kxf7 9. Qxa5 dxc3 10. Nxc3 c6 11. Qa4 b5 12. Qc2 Be6 13. O-O h6 14. Nd4 Bd7
15. f4 Nf6 16. e5 Qb6 17. Nce2 Nd5 18. Qe4 Bg4 19. Kh1 Bxe2 20. Qf5+ Ke8 21.
Nxe2 Kd8 22. exd6 Bxd6 23. Nc3 Nxc3 24. bxc3 Qc5 25. Qg6 Re8 26. a4 Qd5 27. Ba3
Re6 28. Qxg7 Re7 29. Qf8+ 1-0